[Event "Torneo Zonal FIDE 2.3 Masculino 2009"]
[Site "San José de Costa Rica CRC"]
[Date "2009.06.19"]
[Round "1.3"]
[White "Iturrizaga, Eduardo"]
[Black "Ossa, Orlando Jose"]
[Result "1-0"]
[WhiteElo "2528"]
[BlackElo "2301"]
[PlyCount "77"]
[EventDate "2009.06.18"]
[EventType "swiss"]
[EventRounds "9"]
[EventCountry "CRO"]
[Source "lmi"]
[SourceDate "2009.06.19"]

1. d4 Nf6 2. c4 g6 3. Nc3 Bg7 4. Nf3 d6 5. e4 O-O 6. h3 e5 7. d5 a5 8. Bg5 Na6
9. Be2 h6 10. Be3 Nc5 11. Nd2 Ne8 12. g4 f5 13. exf5 gxf5 14. Qc2 Na6 15. f3
Qh4+ 16. Bf2 Qg5 17. h4 Qe7 18. gxf5 Bxf5 19. Nde4 Nf6 20. Qd2 Nh5 21. O-O-O b6
22. Be3 Nf4 23. Rdg1 Nc5 24. Bd1 Kh8 25. Bc2 Rf7 26. Ne2 Raf8 27. N2g3 Bh7 28.
Rh2 Bf6 29. Nxc5 bxc5 30. Bxh7 Rxh7 31. Ne4 Bxh4 32. Qxa5 Nd3+ 33. Kb1 Ne1 34.
Rxe1 Bxe1 35. Qxe1 Rxf3 36. a4 Rf8 37. Bxh6 Rg8 38. Qh1 Qf7 39. Bg5 1-0

[Event "Torneo Zonal FIDE 2.3 Masculino 2009"]
[Site "San José de Costa Rica CRC"]
[Date "2009.06.19"]
[Round "1.6"]
[White "Arias, Lemmys A"]
[Black "Hernandez Basante, Francisco"]
[Result "1-0"]
[WhiteElo "2406"]
[BlackElo "2278"]
[PlyCount "106"]
[EventDate "2009.06.18"]
[EventType "swiss"]
[EventRounds "9"]
[EventCountry "CRO"]
[Source "lmi"]
[SourceDate "2009.06.19"]

1. e4 c5 2. b3 e6 3. Nf3 d5 4. exd5 exd5 5. Bb5+ Bd7 6. Qe2+ Qe7 7. Nc3 Nf6 8.
d4 Qxe2+ 9. Kxe2 a6 10. Bxd7+ Nbxd7 11. Bb2 cxd4 12. Nxd4 Bc5 13. Rhd1 O-O 14.
Rac1 Rac8 15. Kf1 Rfe8 16. f3 b5 17. Nce2 Bf8 18. c3 g6 19. Ra1 Nc5 20. Nc2 Bg7
21. Ned4 Ne6 22. a4 Nc7 23. axb5 axb5 24. Ra7 Nd7 25. Ba3 Be5 26. Nc6 Bf6 27.
N6d4 Ne5 28. Nb4 Red8 29. Bb2 Rd7 30. Rb7 Ne6 31. Rxd7 Nxd7 32. Nxb5 Nec5 33.
Rxd5 Rb8 34. Nd4 Rb7 35. Bc1 Kg7 36. Be3 Nxb3 37. Nxb3 Bxc3 38. Bd4+ Bxd4 39.
Rxd4 Nf6 40. Nd2 Rd7 41. Rxd7 Nxd7 42. Ke2 Kf6 43. Ne4+ Kg7 44. Ke3 Ne5 45. Kd4
Nd7 46. Nd5 Nf8 47. Nc5 g5 48. g3 Ng6 49. Ke4 h5 50. Kf5 Kh6 51. Nd7 Nh8 52.
Kf6 g4 53. fxg4 hxg4 1-0

[Event "Torneo Zonal FIDE 2.3 Masculino 2009"]
[Site "San José de Costa Rica CRC"]
[Date "2009.06.19"]
[Round "1.7"]
[White "Gongora Montes, Benjamin"]
[Black "Valdes, Leonardo"]
[Result "1/2-1/2"]
[WhiteElo "2251"]
[BlackElo "2403"]
[PlyCount "85"]
[EventDate "2009.06.18"]
[EventType "swiss"]
[EventRounds "9"]
[EventCountry "CRO"]
[Source "lmi"]
[SourceDate "2009.06.19"]

1. e4 d6 2. d4 Nf6 3. Nc3 g6 4. f4 Bg7 5. Nf3 O-O 6. Bd3 Nc6 7. d5 Nb4 8. Be2
c6 9. a3 Na6 10. Be3 Nc7 11. Qd2 c5 12. a4 b6 13. h3 e6 14. dxe6 fxe6 15. e5
Nfd5 16. Nxd5 Nxd5 17. O-O Nxe3 18. Qxe3 d5 19. h4 Bd7 20. c3 a5 21. Bd3 Qe8
22. Bc2 Qe7 23. Kh2 Bc6 24. g3 Rad8 25. Qd3 Bh6 26. Kh3 Rf7 27. Ng5 Rg7 28.
Rad1 Rb8 29. Rd2 c4 30. Qd4 Qc5 31. Nf3 Rf7 32. Qf2 Qxf2 33. Rdxf2 Bf8 34. Nh2
Bc5 35. Rd2 Kg7 36. Ng4 Be7 37. Nh2 Bf8 38. Nf3 Bd7 39. Re1 h6 40. Nd4 Bc5 41.
Nb5 Bxb5 42. axb5 Ra8 43. Ba4 1/2-1/2

[Event "Torneo Zonal FIDE 2.3 Masculino 2009"]
[Site "San José de Costa Rica CRC"]
[Date "2009.06.20"]
[Round "2.1"]
[White "Iturrizaga, Eduardo"]
[Black "Bruzon Batista, Lazaro"]
[Result "1/2-1/2"]
[WhiteElo "2528"]
[BlackElo "2617"]
[PlyCount "50"]
[EventDate "2009.06.18"]
[EventType "swiss"]
[EventRounds "9"]
[EventCountry "CRO"]
[Source "lmi"]
[SourceDate "2009.06.19"]

1. d4 Nf6 2. Nf3 d5 3. c4 e6 4. Nc3 Be7 5. e3 c5 6. b3 O-O 7. Bb2 Nc6 8. Be2
cxd4 9. exd4 b6 10. O-O Bb7 11. Rc1 Ne4 12. Bd3 Ng5 13. Ne5 Nxd4 14. Nxd5 exd5
15. Bxd4 Bf6 16. Qg4 dxc4 17. Bxc4 b5 18. Bxb5 Bxg2 19. Rfd1 Bf3 20. Nxf3 Nxf3+
21. Qxf3 Bxd4 22. Bc6 Qg5+ 23. Qg3 Qxg3+ 24. hxg3 Rad8 25. Kg2 Bb2 1/2-1/2

[Event "Torneo Zonal FIDE 2.3 Masculino 2009"]
[Site "San José de Costa Rica CRC"]
[Date "2009.06.20"]
[Round "2.3"]
[White "Gonzalez, Bernal"]
[Black "Gongora Montes, Benjamin"]
[Result "1-0"]
[WhiteElo "2440"]
[BlackElo "2251"]
[PlyCount "59"]
[EventDate "2009.06.18"]
[EventType "swiss"]
[EventRounds "9"]
[EventCountry "CRO"]
[Source "lmi"]
[SourceDate "2009.06.19"]

1. d4 d5 2. c4 c6 3. Nf3 Nf6 4. Nc3 e6 5. g3 Be7 6. Bg2 O-O 7. O-O Nbd7 8. Qd3
b6 9. e4 Ba6 10. b3 dxe4 11. Nxe4 Rc8 12. Rd1 c5 13. Bb2 Qc7 14. dxc5 Nxc5 15.
Nxc5 Qxc5 16. Ne5 Rfd8 17. Bd4 Qd6 18. Qe2 Ne8 19. Qh5 g6 20. Qf3 Bf6 21. Nxf7
Qxd4 22. Nxd8 Qe5 23. Re1 Qc3 24. Nc6 Qxf3 25. Bxf3 Bxa1 26. Ne7+ Kf7 27. Nxc8
Bc3 28. Rc1 Bb2 29. Rc2 Bxc8 30. Rxb2 1-0

[Event "Torneo Zonal FIDE 2.3 Masculino 2009"]
[Site "San José de Costa Rica CRC"]
[Date "2009.06.20"]
[Round "2.4"]
[White "Valdes, Leonardo"]
[Black "Prasca Sosa, Raphael"]
[Result "1/2-1/2"]
[WhiteElo "2403"]
[BlackElo "2415"]
[PlyCount "112"]
[EventDate "2009.06.18"]
[EventType "swiss"]
[EventRounds "9"]
[EventCountry "CRO"]
[Source "lmi"]
[SourceDate "2009.06.19"]

1. Nf3 d5 2. g3 Nf6 3. Bg2 c6 4. c4 Bg4 5. Ne5 Be6 6. cxd5 Bxd5 7. Nf3 c5 8.
Nc3 Bc6 9. O-O e6 10. d4 cxd4 11. Nxd4 Bxg2 12. Kxg2 Nbd7 13. Ndb5 Qb6 14. Be3
Qc6+ 15. f3 a6 16. Nd4 Qc7 17. Rc1 Qb8 18. g4 Bd6 19. g5 Nh5 20. Ne4 Bf4 21.
Bxf4 Nxf4+ 22. Kh1 Qe5 23. e3 Nd5 24. Qd3 O-O 25. a3 Ne7 26. Rg1 Rfd8 27. Qb3
Rab8 28. Ne2 Qf5 29. Nd4 Qd5 30. Qd1 Nf5 31. Nxf5 Qxf5 32. Qe2 Ne5 33. Rgf1 Ng6
34. Rc3 Kh8 35. Qg2 Rd5 36. f4 Rbd8 37. Ng3 Qg4 38. Rc2 Rd1 39. Rcf2 Kg8 40. h3
Qh4 41. Kh2 R1d3 42. Re2 R3d5 43. Rg1 Ne7 44. Qf3 Kf8 45. Rgg2 h6 46. Ne4 hxg5
47. Rxg5 Qh7 48. Reg2 Rxg5 49. Nxg5 Qd3 50. Qh5 Qf5 51. Qf3 Nd5 52. Rd2 Ke7 53.
Kg3 Qg6 54. Kh2 Qf5 55. Kg3 Qg6 56. Kh2 Qf5 1/2-1/2

[Event "Torneo Zonal FIDE 2.3 Masculino 2009"]
[Site "San José de Costa Rica CRC"]
[Date "2009.06.20"]
[Round "2.5"]
[White "Soto Paez, Oliver"]
[Black "Sanchez Enriquez, Oscar Gerardo"]
[Result "1-0"]
[WhiteElo "2388"]
[BlackElo "2282"]
[PlyCount "65"]
[EventDate "2009.06.18"]
[EventType "swiss"]
[EventRounds "9"]
[EventCountry "CRO"]
[Source "lmi"]
[SourceDate "2009.06.19"]

1. e4 e5 2. Nf3 Nc6 3. Nc3 Nf6 4. g3 Bc5 5. Bg2 O-O 6. Nxe5 Nxe5 7. d4 Bxd4 8.
Qxd4 d6 9. f4 Nc6 10. Qd2 Re8 11. O-O Bd7 12. h3 b5 13. Re1 b4 14. Nd5 Nxd5 15.
Qxd5 Qf6 16. Rd1 Rab8 17. g4 Ne7 18. Qa5 Ng6 19. Qxc7 Bb5 20. g5 Qd8 21. Qxd8
Rbxd8 22. Rd4 a5 23. a3 bxa3 24. Rxa3 a4 25. Rb4 Bc6 26. Rc3 Rc8 27. Kf2 Ne7
28. Rd4 Red8 29. h4 Rb8 30. Rcd3 Bb5 31. Rd1 Rdc8 32. R1d2 d5 33. Bh3 1-0

[Event "Torneo Zonal FIDE 2.3 Masculino 2009"]
[Site "San José de Costa Rica CRC"]
[Date "2009.06.20"]
[Round "2.6"]
[White "Echavarria, Johann"]
[Black "Ossa, Orlando Jose"]
[Result "1/2-1/2"]
[WhiteElo "2379"]
[BlackElo "2301"]
[PlyCount "96"]
[EventDate "2009.06.18"]
[EventType "swiss"]
[EventRounds "9"]
[EventCountry "CRO"]
[Source "lmi"]
[SourceDate "2009.06.19"]

1. e4 e5 2. Nf3 Nc6 3. Bb5 Bc5 4. c3 f5 5. d4 fxe4 6. Bxc6 dxc6 7. Nxe5 Qd5 8.
Bf4 Bd6 9. Qh5+ g6 10. Qe2 Nf6 11. Nd2 c5 12. Bg5 e3 13. Qxe3 cxd4 14. cxd4 c5
15. O-O O-O 16. Nef3 Bg4 17. Bxf6 Rxf6 18. dxc5 Bxf3 19. Nxf3 Bxc5 20. Qc3 Raf8
21. Rad1 Qc6 22. Rc1 Rc8 23. Nd4 Bxd4 24. Qb3+ Rf7 25. Rxc6 Rxc6 26. g3 Rcf6
27. Kg2 Bxf2 28. Qd5 h5 29. b4 Kh7 30. a4 Rf5 31. Qe4 b6 32. h3 a5 33. bxa5
bxa5 34. h4 Bc5 35. Rxf5 Rxf5 36. Qe1 Bf8 37. Qe6 Bg7 38. Qe4 Bf6 39. Qb7+ Bg7
40. Qc7 Kh6 41. Qc1+ Kh7 42. Qc7 Kh6 43. Kh3 Kh7 44. g4 hxg4+ 45. Kxg4 Rh5 46.
Qe7 Rf5 47. Qc7 Rh5 48. Qe7 Rf5 1/2-1/2

[Event "Torneo Zonal FIDE 2.3 Masculino 2009"]
[Site "San José de Costa Rica CRC"]
[Date "2009.06.20"]
[Round "2.7"]
[White "Hernandez Basante, Francisco"]
[Black "Murillo, Alexis"]
[Result "1/2-1/2"]
[WhiteElo "2278"]
[BlackElo "2317"]
[PlyCount "25"]
[EventDate "2009.06.18"]
[EventType "swiss"]
[EventRounds "9"]
[EventCountry "CRO"]
[Source "lmi"]
[SourceDate "2009.06.19"]

1. d4 d6 2. e4 Nf6 3. Nc3 g6 4. Bg5 Bg7 5. f4 O-O 6. e5 Nfd7 7. Nf3 Nb6 8. Be2
f6 9. exf6 exf6 10. Bh4 Bg4 11. d5 c5 12. O-O Na6 13. a4 1/2-1/2

[Event "Torneo Zonal FIDE 2.3 Masculino 2009"]
[Site "San José de Costa Rica CRC"]
[Date "2009.06.20"]
[Round "3.1"]
[White "Arias, Lemmys A"]
[Black "Iturrizaga, Eduardo"]
[Result "0-1"]
[WhiteElo "2406"]
[BlackElo "2528"]
[PlyCount "50"]
[EventDate "2009.06.18"]
[EventType "swiss"]
[EventRounds "9"]
[EventCountry "CRO"]
[Source "lmi"]
[SourceDate "2009.06.19"]

1. e4 c5 2. Nf3 e6 3. d4 cxd4 4. Nxd4 a6 5. c4 Nf6 6. Nc3 Qc7 7. a3 b6 8. Be3
Bb7 9. f3 d6 10. Qd2 Nbd7 11. Be2 Be7 12. O-O O-O 13. Rfc1 Kh8 14. b4 Rg8 15.
Nb3 g5 16. c5 dxc5 17. bxc5 b5 18. c6 Bxc6 19. Nxb5 axb5 20. Nd4 Nc5 21. Nxc6
Qxc6 22. Qc3 Rac8 23. Rab1 g4 24. Rxb5 gxf3 25. Rxc5 Qxc5 0-1

[Event "Torneo Zonal FIDE 2.3 Masculino 2009"]
[Site "San José de Costa Rica CRC"]
[Date "2009.06.20"]
[Round "3.5"]
[White "Sanchez Enriquez, Oscar Gerardo"]
[Black "Echavarria, Johann"]
[Result "0-1"]
[WhiteElo "2282"]
[BlackElo "2379"]
[PlyCount "48"]
[EventDate "2009.06.18"]
[EventType "swiss"]
[EventRounds "9"]
[EventCountry "CRO"]
[Source "lmi"]
[SourceDate "2009.06.19"]

1. e4 c5 2. Nf3 e6 3. d4 cxd4 4. Nxd4 Nf6 5. Nc3 Nc6 6. g3 Qb6 7. Nb3 Bb4 8.
Bg2 d5 9. exd5 Nxd5 10. O-O Nxc3 11. bxc3 Bxc3 12. Rb1 O-O 13. Be3 Qc7 14. Nc5
Rb8 15. Ne4 Rd8 16. Nxc3 Rxd1 17. Rfxd1 h6 18. Bc5 Qa5 19. Bd6 Qxc3 20. Bxc6
Qxc6 21. Bxb8 e5 22. f3 Bh3 23. Rd2 Qxf3 24. Bxa7 Qa3 0-1

[Event "Torneo Zonal FIDE 2.3 Masculino 2009"]
[Site "San José de Costa Rica CRC"]
[Date "2009.06.20"]
[Round "3.6"]
[White "Murillo, Alexis"]
[Black "Gongora Montes, Benjamin"]
[Result "1/2-1/2"]
[WhiteElo "2317"]
[BlackElo "2251"]
[PlyCount "164"]
[EventDate "2009.06.18"]
[EventType "swiss"]
[EventRounds "9"]
[EventCountry "CRO"]
[Source "lmi"]
[SourceDate "2009.06.19"]

1. d4 d5 2. c4 c6 3. Nc3 dxc4 4. e3 b5 5. a4 b4 6. Na2 e6 7. Bxc4 Nf6 8. Nf3
Nbd7 9. O-O Be7 10. Bd2 a5 11. Nc1 Nb6 12. Bd3 c5 13. dxc5 Bxc5 14. Bb5+ Bd7
15. Nb3 Bxb5 16. axb5 Nbd7 17. Qe2 O-O 18. Ra4 Qb6 19. Rfa1 Rfb8 20. Rxa5 Rxa5
21. Rxa5 Bf8 22. Qc4 Nc5 23. Bxb4 Nxb3 24. Qxb3 Nd5 25. Bd2 Nc7 26. Qc2 Nxb5
27. Ra1 g6 28. h3 Bg7 29. Rd1 Qb7 30. Ba5 Rc8 31. Rd8+ Rxd8 32. Bxd8 Nd6 33. b3
Ne4 34. Ba5 Bf8 35. Be1 Nc5 36. Nd4 e5 37. Nf3 f6 38. Qc4+ Kg7 39. b4 Na6 40.
b5 Nc7 41. Qc6 Qxc6 42. bxc6 Kf7 43. Ba5 Bd6 44. Nd2 Ke6 45. e4 f5 46. f3 Nb5
47. Nc4 fxe4 48. fxe4 Na7 49. c7 Nc8 50. Nxd6 Nxd6 51. Bb4 Nc8 52. Kf2 h5 53.
Ke3 Kd7 54. Bc3 Kd6 55. Kd3 Nb6 56. Ba5 Nc8 57. Kc4 Kc6 58. Bc3 Nb6+ 59. Kb4
Kd6 60. Kb5 Nc8 61. Ba5 Kd7 62. Kc5 Ne7 63. Bc3 Kxc7 64. Bxe5+ Kd7 65. Bf6 Nc8
66. Kd5 Nb6+ 67. Ke5 Nc4+ 68. Kd4 Nb6 69. Kc5 Nc8 70. Kd5 Nb6+ 71. Ke5 Nc4+ 72.
Kf4 Ke6 73. Kg5 Kf7 74. Bd4 Nd6 75. Kf4 Ke6 76. Ba7 Nf7 77. Bb8 Nd8 78. Bc7 Nf7
79. Ke3 Kd7 80. Bf4 Ke6 81. Kd4 Nd8 82. Kc5 Nf7 1/2-1/2

[Event "Torneo Zonal FIDE 2.3 Masculino 2009"]
[Site "San José de Costa Rica CRC"]
[Date "2009.06.20"]
[Round "3.7"]
[White "Ossa, Orlando Jose"]
[Black "Hernandez Basante, Francisco"]
[Result "0-1"]
[WhiteElo "2301"]
[BlackElo "2278"]
[PlyCount "100"]
[EventDate "2009.06.18"]
[EventType "swiss"]
[EventRounds "9"]
[EventCountry "CRO"]
[Source "lmi"]
[SourceDate "2009.06.19"]

1. e4 e6 2. Nf3 d5 3. e5 c5 4. b4 b6 5. c3 Qd7 6. b5 a6 7. a4 c4 8. Na3 axb5 9.
axb5 Bc5 10. d3 cxd3 11. Bxd3 Ne7 12. O-O Ng6 13. Re1 Qc7 14. Nc2 Rxa1 15. Nxa1
Nd7 16. Nb3 Be7 17. Bxg6 hxg6 18. Qc2 Nc5 19. Nbd4 Bb7 20. Nd2 Ne4 21. Nxe4
dxe4 22. Nc6 Bxc6 23. bxc6 Qxe5 24. Qxe4 Qxe4 25. Rxe4 Bc5 26. Be3 Ke7 27. Ra4
Bxe3 28. Ra7+ Kf6 29. fxe3 Rc8 30. c7 Ke7 31. Rb7 Kd7 32. Rxb6 Rxc7 33. Rb3 Kd6
34. Kf2 Kd5 35. Ke2 Kc4 36. Ra3 Rb7 37. Kf3 Kd3 38. h4 e5 39. g4 Rb1 40. Ra7
Rf1+ 41. Kg2 Rf6 42. Re7 e4 43. c4 Kxe3 44. c5 Kf4 45. g5 Rc6 46. Kh3 Rxc5 47.
Rxf7+ Rf5 48. Rxg7 e3 49. Re7 Kf3 50. Re6 e2 0-1

[Event "Torneo Zonal FIDE 2.3 Masculino 2009"]
[Site "San José de Costa Rica CRC"]
[Date "2009.06.21"]
[Round "4.1"]
[White "Arias, Lemmys A"]
[Black "Bruzon Batista, Lazaro"]
[Result "1/2-1/2"]
[WhiteElo "2406"]
[BlackElo "2617"]
[PlyCount "75"]
[EventDate "2009.06.18"]
[EventType "swiss"]
[EventRounds "9"]
[EventCountry "CRO"]
[Source "lmi"]
[SourceDate "2009.06.19"]

1. e4 c5 2. Nf3 e6 3. d4 cxd4 4. Nxd4 Nf6 5. Nc3 d6 6. g4 h6 7. h3 a6 8. Bg2
Be7 9. Be3 Nc6 10. Qe2 Qc7 11. O-O Nxd4 12. Bxd4 e5 13. Be3 Be6 14. Nd5 Bxd5
15. exd5 Nd7 16. c4 a5 17. b3 O-O 18. a3 Bg5 19. Bxg5 hxg5 20. Qe3 Qd8 21. b4
b6 22. Be4 g6 23. Bc2 Rc8 24. Qe2 e4 25. Bxe4 Re8 26. Rae1 Ne5 27. Rc1 Qf6 28.
Rfe1 Rc7 29. Kg2 Qf4 30. c5 bxc5 31. bxc5 Rxc5 32. Rxc5 dxc5 33. Qb5 Nd7 34.
Qxd7 Rxe4 35. Rxe4 Qxe4+ 36. Kg1 Qe1+ 37. Kg2 Qe4+ 38. Kg1 1/2-1/2

[Event "Torneo Zonal FIDE 2.3 Masculino 2009"]
[Site "San José de Costa Rica CRC"]
[Date "2009.06.21"]
[Round "4.2"]
[White "Soto Paez, Oliver"]
[Black "Iturrizaga, Eduardo"]
[Result "0-1"]
[WhiteElo "2388"]
[BlackElo "2528"]
[PlyCount "112"]
[EventDate "2009.06.18"]
[EventType "swiss"]
[EventRounds "9"]
[EventCountry "CRO"]
[Source "lmi"]
[SourceDate "2009.06.19"]

1. e4 c6 2. d4 d5 3. Nd2 dxe4 4. Nxe4 Bf5 5. Ng3 Bg6 6. h4 h6 7. Nf3 Nd7 8. h5
Bh7 9. Bd3 Bxd3 10. Qxd3 e6 11. Bf4 Qa5+ 12. Bd2 Bb4 13. c3 Be7 14. Ne4 Ngf6
15. c4 Qc7 16. g3 O-O 17. Nxf6+ Nxf6 18. O-O-O b5 19. Ne5 bxc4 20. Qxc4 Bd6 21.
f4 c5 22. dxc5 Bxe5 23. fxe5 Qxe5 24. Rde1 Qc7 25. Kb1 Rac8 26. Bc3 Rfd8 27.
Bxf6 gxf6 28. Qh4 Rd2 29. Qg4+ Kf8 30. Qb4 Qd8 31. c6+ Qd6 32. Qc3 Qd3+ 33.
Qxd3 Rxd3 34. Rhf1 Ke7 35. Rc1 Rd6 36. Rc4 Rcxc6 37. Rg4 Rd5 38. Rgf4 f5 39. g4
Kf6 40. b4 Kg5 41. Kb2 Rc7 42. a4 fxg4 43. Rxf7 Rxf7 44. Rxf7 g3 45. Rxa7 Kxh5
46. Rc7 g2 47. Rc1 Kg4 48. b5 h5 49. b6 Rd6 50. a5 Rd5 51. Rc4+ Kh3 52. Rc3+
Kh2 53. b7 Rb5+ 54. Rb3 Rxb7 55. Rxb7 g1=Q 56. a6 Qf1 0-1

[Event "Torneo Zonal FIDE 2.3 Masculino 2009"]
[Site "San José de Costa Rica CRC"]
[Date "2009.06.21"]
[Round "4.4"]
[White "Gonzalez, Bernal"]
[Black "Echavarria, Johann"]
[Result "1/2-1/2"]
[WhiteElo "2440"]
[BlackElo "2379"]
[PlyCount "39"]
[EventDate "2009.06.18"]
[EventType "swiss"]
[EventRounds "9"]
[EventCountry "CRO"]
[Source "lmi"]
[SourceDate "2009.06.19"]

1. d4 d5 2. c4 c6 3. Nf3 Nf6 4. Nc3 e6 5. g3 dxc4 6. Bg2 b5 7. Bg5 Bb7 8. Ne5
a6 9. a4 Qb6 10. Bxf6 gxf6 11. Ng4 Nd7 12. e4 h5 13. Ne3 O-O-O 14. O-O h4 15.
b3 cxb3 16. Qxb3 hxg3 17. hxg3 Qxd4 18. axb5 Nc5 19. Qc2 cxb5 20. Rfc1 1/2-1/2

[Event "Torneo Zonal FIDE 2.3 Masculino 2009"]
[Site "San José de Costa Rica CRC"]
[Date "2009.06.21"]
[Round "4.5"]
[White "Hernandez Basante, Francisco"]
[Black "Prasca Sosa, Raphael"]
[Result "1/2-1/2"]
[WhiteElo "2278"]
[BlackElo "2415"]
[PlyCount "97"]
[EventDate "2009.06.18"]
[EventType "swiss"]
[EventRounds "9"]
[EventCountry "CRO"]
[Source "lmi"]
[SourceDate "2009.06.19"]

1. d4 d5 2. Nf3 c6 3. e3 Bf5 4. Bd3 e6 5. O-O Nf6 6. b3 Nbd7 7. c4 Bb4 8. c5
Ba5 9. b4 Bc7 10. Bb2 Bg4 11. Be2 Bxf3 12. Bxf3 e5 13. dxe5 Bxe5 14. Bxe5 Nxe5
15. Be2 O-O 16. Qd4 Re8 17. Nd2 Ned7 18. Bd3 Nf8 19. Bf5 Qc7 20. a4 Rad8 21.
Rfd1 Ne6 22. Bxe6 fxe6 23. b5 e5 24. Qb4 e4 25. b6 axb6 26. Qxb6 Qf7 27. Nb3
Ng4 28. Rf1 Ne5 29. Nd4 Ra8 30. Rfb1 Re7 31. a5 Nd3 32. Rf1 Ra6 33. Qd8+ Re8
34. Qd6 Qe7 35. Qxe7 Rxe7 36. Nb3 Re8 37. Rfb1 Rea8 38. Ra4 R6a7 39. f4 exf3
40. gxf3 Ne5 41. Kf2 Rf8 42. f4 Nc4 43. a6 bxa6 44. Na5 Nd2 45. Nxc6 Rc7 46.
Rb6 Ne4+ 47. Kf3 Nxc5 48. Ra5 Nd7 49. Ne7+ 1/2-1/2

[Event "Torneo Zonal FIDE 2.3 Masculino 2009"]
[Site "San José de Costa Rica CRC"]
[Date "2009.06.21"]
[Round "4.6"]
[White "Ossa, Orlando Jose"]
[Black "Murillo, Alexis"]
[Result "0-1"]
[WhiteElo "2301"]
[BlackElo "2317"]
[PlyCount "54"]
[EventDate "2009.06.18"]
[EventType "swiss"]
[EventRounds "9"]
[EventCountry "CRO"]
[Source "lmi"]
[SourceDate "2009.06.19"]

1. a3 g6 2. g3 Bg7 3. Bg2 e5 4. b4 Ne7 5. Bb2 O-O 6. e3 d5 7. Ne2 Be6 8. O-O
Qd7 9. f4 f6 10. c4 c6 11. fxe5 fxe5 12. Rxf8+ Kxf8 13. Nbc3 Na6 14. Rc1 Nc7
15. a4 Kg8 16. a5 Rf8 17. cxd5 Nexd5 18. Ne4 Bg4 19. Nf2 Be6 20. Nd3 Qd6 21.
Nc5 Bc8 22. Qb3 Kh8 23. b5 Nxb5 24. a6 bxa6 25. Qa4 Nf6 26. d4 Nd5 27. Nxa6
Nxe3 0-1

[Event "Torneo Zonal FIDE 2.3 Masculino 2009"]
[Site "San José de Costa Rica CRC"]
[Date "2009.06.21"]
[Round "4.7"]
[White "Gongora Montes, Benjamin"]
[Black "Sanchez Enriquez, Oscar Gerardo"]
[Result "1-0"]
[WhiteElo "2251"]
[BlackElo "2282"]
[PlyCount "121"]
[EventDate "2009.06.18"]
[EventType "swiss"]
[EventRounds "9"]
[EventCountry "CRO"]
[Source "lmi"]
[SourceDate "2009.06.19"]

1. e4 c6 2. d4 d5 3. Nc3 dxe4 4. Nxe4 Nf6 5. Ng5 Bf5 6. Bc4 e6 7. N1f3 Bd6 8.
Nh4 Bg4 9. f3 Bh5 10. g4 Bg6 11. Qe2 O-O 12. Nxg6 hxg6 13. Bd2 Nd5 14. Bxd5
exd5 15. O-O-O Re8 16. Qf2 f6 17. Nh3 Nd7 18. Nf4 Nf8 19. h4 Qc7 20. Nd3 Re7
21. h5 Rae8 22. f4 Re2 23. Qh4 Rxd2 24. Rxd2 Bxf4 25. Nxf4 Qxf4 26. hxg6 Nxg6
27. Qh5 Re2 28. Rhd1 Kf7 29. Qf5 Qe3 30. Qd7+ Qe7 31. Qxe7+ Rxe7 32. Rf1 Nh4
33. Rh2 g5 34. Rhf2 Re6 35. c3 Ng6 36. Kd2 Kg7 37. Re2 Rxe2+ 38. Kxe2 Nf4+ 39.
Kf3 Nd3 40. b3 Kf7 41. Rh1 Kg7 42. c4 Nf4 43. Rh2 Kg8 44. a4 Kg7 45. Rc2 a5 46.
cxd5 Nxd5 47. Rc5 f5 48. Rxa5 Kf6 49. Ra7 b6 50. Rd7 Ke6 51. Rb7 fxg4+ 52. Kxg4
Kd6 53. Kxg5 c5 54. dxc5+ Kxc5 55. Kf5 Nb4 56. Ke4 Nd5 57. Kd3 Nb4+ 58. Kc3
Nd5+ 59. Kb2 Kb4 60. Rd7 Ne3 61. Rd3 1-0

[Event "Torneo Zonal FIDE 2.3 Masculino 2009"]
[Site "San José de Costa Rica CRC"]
[Date "2009.06.21"]
[Round "5.2"]
[White "Bruzon Batista, Lazaro"]
[Black "Hernandez Basante, Francisco"]
[Result "1-0"]
[WhiteElo "2617"]
[BlackElo "2278"]
[PlyCount "93"]
[EventDate "2009.06.18"]
[EventType "swiss"]
[EventRounds "9"]
[EventCountry "CRO"]
[Source "lmi"]
[SourceDate "2009.06.19"]

1. e4 e6 2. d4 d5 3. Nc3 Bb4 4. e5 c5 5. a3 Bxc3+ 6. bxc3 Qa5 7. Bd2 Qa4 8. Qb1
c4 9. Nf3 Nc6 10. h4 Bd7 11. h5 O-O-O 12. h6 g6 13. g3 f5 14. Bg2 Rf8 15. Qc1
Nd8 16. Rb1 Qa5 17. a4 Nf7 18. Qa3 Qd8 19. Qb4 Bc6 20. Bg5 Qe8 21. Kd2 Nd8 22.
Qa5 Kb8 23. Bxd8 Qxd8 24. Qxd8+ Rxd8 25. Ng5 Re8 26. a5 Re7 27. g4 fxg4 28. Bf1
Re8 29. Be2 Ne7 30. Nxe6 Nf5 31. Ng5 g3 32. Bg4 Ref8 33. f3 Kc7 34. Ne6+ Kd7
35. Nxf8+ Rxf8 36. Rbg1 Ke7 37. Bxf5 Rxf5 38. Rxg3 Be8 39. Ke3 Ke6 40. Rb1 Bc6
41. Rg4 Rh5 42. Rf4 Rxh6 43. Rf6+ Kd7 44. a6 bxa6 45. Rb8 Rh1 46. Rd6+ Kc7 47.
Rf8 1-0

[Event "Torneo Zonal FIDE 2.3 Masculino 2009"]
[Site "San José de Costa Rica CRC"]
[Date "2009.06.21"]
[Round "5.4"]
[White "Murillo, Alexis"]
[Black "Soto Paez, Oliver"]
[Result "1-0"]
[WhiteElo "2317"]
[BlackElo "2388"]
[PlyCount "65"]
[EventDate "2009.06.18"]
[EventType "swiss"]
[EventRounds "9"]
[EventCountry "CRO"]
[Source "lmi"]
[SourceDate "2009.06.19"]

1. d4 Nf6 2. c4 g6 3. Nc3 Bg7 4. Nf3 d6 5. Bg5 h6 6. Bh4 g5 7. Bg3 Nh5 8. e3 e6
9. Be2 Nd7 10. Qc2 Ndf6 11. O-O-O Qe7 12. Kb1 Nxg3 13. hxg3 Bd7 14. Nd2 O-O-O
15. Qb3 Kb8 16. Qa3 Rhe8 17. Nb3 e5 18. d5 Ng4 19. Bxg4 Bxg4 20. Na5 Bc8 21. e4
Qf6 22. f3 g4 23. Rd3 a6 24. Qb4 Ka8 25. Na4 gxf3 26. gxf3 b6 27. Rb3 b5 28.
cxb5 Bd7 29. Nc6 Bxc6 30. bxc6 Rb8 31. Qa5 Rxb3 32. Qxa6+ Kb8 33. axb3 1-0

[Event "Torneo Zonal FIDE 2.3 Masculino 2009"]
[Site "San José de Costa Rica CRC"]
[Date "2009.06.21"]
[Round "5.5"]
[White "Echavarria, Johann"]
[Black "Gongora Montes, Benjamin"]
[Result "1-0"]
[WhiteElo "2379"]
[BlackElo "2251"]
[PlyCount "135"]
[EventDate "2009.06.18"]
[EventType "swiss"]
[EventRounds "9"]
[EventCountry "CRO"]
[Source "lmi"]
[SourceDate "2009.06.19"]

1. e4 e6 2. d4 d5 3. Nc3 Bb4 4. e5 Ne7 5. Bd2 b6 6. Nb5 Bxd2+ 7. Qxd2 O-O 8.
Nf3 Ba6 9. Be2 Qd7 10. Nc3 Bxe2 11. Nxe2 c5 12. O-O Qa4 13. c3 Nbc6 14. b3 Qa5
15. a3 cxd4 16. b4 dxc3 17. Nxc3 Nxb4 18. axb4 Qxb4 19. Ra4 Qc5 20. Rg4 Rfc8
21. Qg5 Ng6 22. Ne2 Qe7 23. Qh5 Rc4 24. Nfd4 a5 25. f4 a4 26. f5 exf5 27. Nxf5
Qc5+ 28. Nfd4 a3 29. Qf5 Qe7 30. e6 fxe6 31. Nxe6 Rxg4 32. Qxg4 a2 33. Ra1 Nf8
34. N6d4 Qe3+ 35. Kh1 g6 36. Qf3 Qxf3 37. gxf3 Kf7 38. Nc3 Ne6 39. Nc6 Nf4 40.
Nb4 d4 41. Ncxa2 Ke6 42. Re1+ Kd6 43. Re4 Ne6 44. Kg2 Ra3 45. Nc1 Ra1 46. Ncd3
Rd1 47. f4 Ra1 48. h3 Ra3 49. Kf3 Rc3 50. Re5 Rc4 51. Rd5+ Kc7 52. Ke4 Nc5+ 53.
Ke5 Nxd3+ 54. Nxd3 Rc2 55. f5 gxf5 56. Rxd4 b5 57. Rh4 Rc3 58. Rxh7+ Kb6 59.
Nf4 Rc5+ 60. Nd5+ Ka6 61. h4 b4 62. Kd4 Rc8 63. Nxb4+ Kb5 64. Nd5 Rf8 65. Ke5
Kc4 66. Nf4 Kc3 67. Ne6 Re8 68. Kxf5 1-0